[Event "Szolnok op"]
[Site "Szolnok"]
[Date "2022.06.16"]
[Round "1"]
[White "Takacs, Lajos"]
[Black "Toth, Bela4444"]
[Result "1-0"]
[WhiteElo "2030"]
[BlackElo "1551"]
[PlyCount "105"]
[EventDate "2022.06.16"]
[EventType "swiss"]
[EventRounds "7"]
[EventCountry "HUN"]
[SourceTitle "CBM 209 Extra"]
[Source "ChessBase"]
[SourceDate "2022.09.30"]
[SourceVersion "1"]
[SourceVersionDate "2022.09.30"]
[SourceQuality "1"]

1. Nf3 d5 2. d4 Nf6 3. Bf4 e6 4. Nbd2 Bd6 5. Ne5 Nc6 6. e3 a6 7. a3 h6 8. c4 Bxe5 9. dxe5 Nd7 10. cxd5 exd5 11. Nf3 Nb6 12. Rc1 Be6 13. Nd4 Nxd4 14. exd4 0-0 15. Bd3 Qd7 16. Qd2 Nc4 17. Qc2 f5 18. h4 c6 19. Rh3 Rae8 20. Rg3 Kh8 21. Be2 Re7 22. Bh5 Bf7 23. Bg6 Bxg6 24. Rxg6 Re6 25. Rxe6 Qxe6 26. b3 Nd6 27. Qe2 Ne8 28. Rc3 Nc7 29. a4 Qf7 30. Rg3 Ne6 31. Qd2 Nxf4 32. Qxf4 Qe8 33. Kf1 Kh7 34. Re3 Qe6 35. h5 Rf7 36. Rg3 Re7 37. Rg6 Qf7 38. g4 fxg4 39. Qxg4 Re8 40. e6 Qe7 41. Qf5 Kg8 42. Qe5 Rf8 43. Qe3 Rf5 44. Qxh6 Rxf2+ 45. Kxf2 Qh4+ 46. Ke2 Qh2+ 47. Kd3 Qh3+ 48. Qe3 Qf1+ 49. Kc2 Qf5+ 50. Kb2 Qxh5 51. Rg2 Kf8 52. Qg5 g6 53. Qf6+ 1-0

[Event "Budapest FS09 Nadassy"]
[Site "Budapest"]
[Date "2019.09.14"]
[Round "7.3"]
[White "Takacs, Lajos"]
[Black "Monduk, Ferenc"]
[Result "0-1"]
[WhiteElo "2021"]
[BlackElo "1896"]
[PlyCount "39"]
[EventDate "2019.09.07"]
[EventType "team-schev"]
[EventRounds "10"]
[EventCountry "HUN"]
[SourceTitle "EXT 2020"]
[Source "ChessBase"]
[SourceDate "2019.10.17"]
[SourceVersion "1"]
[SourceVersionDate "2019.10.17"]
[SourceQuality "1"]
[WhiteTeam "A Team Higher Elo"]
[BlackTeam "B Team Lower Elo"]
[WhiteTeamCountry "HUN"]
[BlackTeamCountry "HUN"]

1. c4 Nf6 2. Nc3 g6 3. e4 d6 4. d4 Bg7 5. Be2 0-0 6. h4 h5 7. Be3 Ng4 8. Bxg4 Bxg4 9. Qd2 e5 10. d5 Bd7 11. Bh6 f5 12. Bxg7 Kxg7 13. exf5 Bxf5 14. Nf3 Nd7 15. Ng5 Nc5 16. 0-0 a5 17. f4 e4 18. Ne2 Qf6 19. Nd4 Rae8 20. Rae1 0-1

[Event "HUN-chT2 Toth 1819"]
[Site "Hungary"]
[Date "2018.10.28"]
[Round "3.6"]
[White "Takacs, Lajos"]
[Black "Keresztes, Mark"]
[Result "1/2-1/2"]
[WhiteElo "2075"]
[BlackElo "1993"]
[PlyCount "55"]
[EventDate "2018.09.23"]
[EventType "team-tourn"]
[EventRounds "11"]
[EventCountry "HUN"]
[SourceTitle "EXT 2021"]
[Source "ChessBase"]
[SourceDate "2020.10.23"]
[SourceVersion "1"]
[SourceVersionDate "2020.10.23"]
[SourceQuality "1"]
[WhiteTeam "Ujszasz"]
[BlackTeam "Kecskemet Toth Laszlo II"]
[WhiteTeamCountry "HUN"]
[BlackTeamCountry "HUN"]

1. e4 Nc6 2. Bc4 e6 3. Nc3 Nf6 4. d4 d5 5. exd5 exd5 6. Bb3 Bb4 7. Nge2 h6 8. 0-0 0-0 9. Qd3 Ne7 10. Ng3 c6 11. Nce2 Bd6 12. Bf4 Ng6 13. Bxd6 Qxd6 14. f4 Re8 15. c3 b6 16. f5 Nf8 17. Nf4 a5 18. Qf3 N8h7 19. Nfh5 Ra7 20. Nxf6+ Nxf6 21. Qf4 Qxf4 22. Rxf4 Rae7 23. h3 Re3 24. Rf3 Re1+ 25. Rxe1 Rxe1+ 26. Rf1 Rxf1+ 27. Kxf1 Ne8 28. Bc2 1/2-1/2

[Event "HUN-chT2 Toth 1718"]
[Site "Hungary"]
[Date "2018.03.04"]
[Round "9.7"]
[White "Takacs, Lajos"]
[Black "Banyai, Istvan"]
[Result "1/2-1/2"]
[WhiteElo "2082"]
[BlackElo "1984"]
[PlyCount "116"]
[EventDate "2017.09.24"]
[EventType "team-tourn"]
[EventRounds "11"]
[EventCountry "HUN"]
[SourceTitle "EXT 2021"]
[Source "ChessBase"]
[SourceDate "2020.10.23"]
[SourceVersion "1"]
[SourceVersionDate "2020.10.23"]
[SourceQuality "1"]
[WhiteTeam "Ujszasz"]
[BlackTeam "Gyula"]
[WhiteTeamCountry "HUN"]
[BlackTeamCountry "HUN"]

1. Nf3 d5 2. d3 Nf6 3. Nbd2 c5 4. e4 e6 5. g3 Nc6 6. Bg2 Be7 7. 0-0 0-0 8. e5 Nd7 9. Re1 Qc7 10. Qe2 b5 11. Nf1 Rb8 12. h4 Ba6 13. Bf4 c4 14. d4 b4 15. N1h2 Qb6 16. Qe3 b3 17. axb3 cxb3 18. c3 Na5 19. Bf1 Bxf1 20. Rxf1 Nc4 21. Qe2 Rfc8 22. Ng5 Bxg5 23. Bxg5 a5 24. Ng4 Nf8 25. Ne3 h6 26. Be7 Rb7 27. Bc5 Qb5 28. Nxc4 dxc4 29. Bxf8 Rxf8 30. Qe4 Rd7 31. f4 Ra7 32. f5 Qd5 33. Qxd5 exd5 34. Ra4 Ra6 35. h5 Re8 36. Kf2 Kf8 37. Ke3 Ke7 38. Kf4 Rd8 39. Re1 f6 40. Rea1 Rda8 41. Rh1 Kf7 42. Re1 Rd8 43. Re3 Rda8 44. Kf3 R8a7 45. Ke2 Ra8 46. Kd2 R8a7 47. Re1 Ra8 48. Rh1 Re8 49. Re1 Rea8 50. Ke3 Re8 51. Kf4 Rea8 52. Rh1 Rb8 53. Re1 Rba8 54. g4 Rb8 55. Re3 Rba8 56. Rh3 Re8 57. Rg3 Ra7 58. Re3 Ra6 1/2-1/2

[Event "Budapest FS02 Nadassy"]
[Site "Budapest"]
[Date "2018.02.02"]
[Round "1.1"]
[White "Takacs, Lajos"]
[Black "Sahithi Varshini, M."]
[Result "1-0"]
[WhiteElo "2084"]
[BlackElo "1896"]
[PlyCount "79"]
[EventDate "2018.02.02"]
[EventType "schev"]
[EventRounds "10"]
[EventCountry "HUN"]
[SourceTitle "EXT 2022"]
[Source "ChessBase"]
[SourceDate "2021.10.06"]
[SourceVersion "1"]
[SourceVersionDate "2021.10.06"]
[SourceQuality "1"]
[WhiteTeam "Team A Higher Elo"]
[BlackTeam "Team B Lower Elo"]
[WhiteTeamCountry "HUN"]
[BlackTeamCountry "IND"]

1. e4 c5 2. c4 Nc6 3. Ne2 g6 4. d4 cxd4 5. Nxd4 Bg7 6. Be3 Nf6 7. Nc3 Ng4 8. Qxg4 Nxd4 9. Qd1 e5 10. Qd2 0-0 11. Bd3 d6 12. 0-0 Qh4 13. Nd5 Bg4 14. f3 Be6 15. Bg5 Qh5 16. Nf6+ Bxf6 17. Bxf6 Rfe8 18. h4 Bh3 19. Kh2 Bd7 20. g4 Nxf3+ 21. Rxf3 Bxg4 22. Rg3 Re6 23. Qg5 Qxg5 24. Bxg5 Bh5 25. Rf1 Kg7 26. c5 f6 27. Bc4 Be2 28. Bxe6 Bxf1 29. Rf3 fxg5 30. Rxf1 dxc5 31. hxg5 Rf8 32. Rxf8 Kxf8 33. Kg3 Ke7 34. Bc8 b6 35. Ba6 Kd6 36. Bc4 Ke7 37. Kf3 Kf8 38. Ke3 Kg7 39. Kf3 Kf8 40. Be2 1-0

[Event "Arad op 9th"]
[Site "Arad"]
[Date "2016.08.06"]
[Round "1"]
[White "Takacs, Lajos"]
[Black "Cioara, Andrei Nestor"]
[Result "0-1"]
[WhiteElo "2083"]
[BlackElo "2437"]
[PlyCount "114"]
[EventDate "2016.08.06"]
[EventType "swiss"]
[EventRounds "9"]
[EventCountry "ROU"]
[SourceTitle "CBM 173 Extra"]
[Source "ChessBase"]
[SourceDate "2016.08.29"]
[SourceVersion "1"]
[SourceVersionDate "2016.08.29"]
[SourceQuality "1"]

1. e4 e6 2. d3 d5 3. Nd2 Nf6 4. Ngf3 Be7 5. g3 0-0 6. Bg2 c5 7. e5 Nfd7 8. 0-0 Nc6 9. Qe2 b5 10. Re1 a5 11. h4 b4 12. Nf1 Ba6 13. Bf4 a4 14. Qd2 c4 15. Bg5 b3 16. dxc4 Bxc4 17. axb3 Bxf1 18. Bxf1 axb3 19. Rxa8 Qxa8 20. Bxe7 Nxe7 21. Qb4 Nc6 22. Qxb3 Rb8 23. Qc3 Rc8 24. Qd2 Qb8 25. Ba6 Rc7 26. c3 Ra7 27. Bd3 Ndxe5 28. Nxe5 Nxe5 29. Qf4 f6 30. b4 Qb6 31. Re3 Ra1+ 32. Kg2 Qa7 33. c4 Ra3 34. Be2 Rxe3 35. Qxe3 Qxe3 36. fxe3 dxc4 37. b5 c3 38. Bd1 Nd7 39. Kf2 Kf7 40. Ke1 Ke7 41. Bf3 Kd6 42. Kd1 Kc5 43. Be2 Nb6 44. Kc2 Kb4 45. e4 e5 46. h5 Nc8 47. Bg4 Nb6 48. Be2 Nc8 49. Bg4 Nd6 50. b6 Kc5 51. Bf5 Nxf5 52. exf5 Kxb6 53. Kxc3 Kc5 54. Kd3 Kd5 55. Ke3 e4 56. Kf4 Kd4 57. g4 h6 0-1

[Event "HUN-chT2 Toth 1516"]
[Site "Hungary"]
[Date "2015.09.13"]
[Round "1.2"]
[White "Ionescu, Bogdan"]
[Black "Takacs, Lajos"]
[Result "1-0"]
[WhiteElo "2290"]
[BlackElo "2136"]
[PlyCount "65"]
[EventDate "2015.09.13"]
[EventType "team-tourn"]
[EventRounds "11"]
[EventCountry "HUN"]
[SourceTitle "CBM 170 Extra"]
[Source "ChessBase"]
[SourceDate "2016.02.25"]
[SourceVersion "1"]
[SourceVersionDate "2016.02.25"]
[SourceQuality "1"]
[WhiteTeam "Gyula"]
[BlackTeam "Ujszasz"]
[WhiteTeamCountry "HUN"]
[BlackTeamCountry "HUN"]

1. e4 c6 2. d4 g6 3. Nc3 Bg7 4. Nf3 d6 5. a4 Nf6 6. h3 0-0 7. Be2 Nbd7 8. 0-0 e5 9. dxe5 dxe5 10. Be3 h6 11. Nd2 g5 12. Nc4 Qe7 13. Qd6 Qxd6 14. Nxd6 b6 15. Rfd1 Nc5 16. Bxc5 bxc5 17. Bc4 Be6 18. Bxe6 fxe6 19. b3 Rab8 20. f3 Rfd8 21. a5 Nh5 22. a6 Bf8 23. Nb7 Rd4 24. Ne2 Rb4 25. Na5 R4b6 26. Nc4 Rb4 27. Rd7 Nf4 28. Nxf4 exf4 29. Rxa7 Bg7 30. e5 Rxc4 31. bxc4 Bxe5 32. Rb7 Ra8 33. a7 1-0

[Event "HUN-chT2 Toth 1415"]
[Site "Hungary"]
[Date "2015.03.22"]
[Round "10.4"]
[White "Vilagos, Nandor"]
[Black "Takacs, Lajos"]
[Result "1-0"]
[WhiteElo "2090"]
[BlackElo "2217"]
[PlyCount "55"]
[EventDate "2014.09.07"]
[EventType "team-tourn"]
[EventRounds "11"]
[EventCountry "HUN"]
[SourceTitle "EXT 2016"]
[Source "ChessBase"]
[SourceDate "2015.10.08"]
[SourceVersion "1"]
[SourceVersionDate "2015.10.08"]
[SourceQuality "1"]
[WhiteTeam "Szentes"]
[BlackTeam "Ujszasz"]
[WhiteTeamCountry "HUN"]
[BlackTeamCountry "HUN"]

1. e4 g6 2. d4 Bg7 3. Nc3 c6 4. Be3 d6 5. Qd2 Nf6 6. Nf3 0-0 7. h3 Nbd7 8. Be2 e5 9. dxe5 dxe5 10. 0-0 Qe7 11. Bd3 Nc5 12. Rfd1 Nh5 13. Ne2 Be6 14. Ng5 Nxd3 15. Qxd3 Rfd8 16. Qc3 Nf4 17. Nxf4 exf4 18. Qc5 Qf6 19. Nxe6 fxe6 20. Bd2 Qxb2 21. Bxf4 Qb6 22. Qc4 Bxa1 23. Qxe6+ Kh8 24. Rxa1 h5 25. Be5+ Kh7 26. Qf7+ Kh6 27. Bg7+ Kh7 28. Bf6+ 1-0

[Event "HUN-chT2 Toth 1314"]
[Site "Hungary"]
[Date "2014.04.27"]
[Round "11.4"]
[White "Egyed, Gabor"]
[Black "Takacs, Lajos"]
[Result "1-0"]
[WhiteElo "2072"]
[BlackElo "2196"]
[PlyCount "103"]
[EventDate "2013.09.08"]
[EventType "team-tourn"]
[EventRounds "11"]
[EventCountry "HUN"]
[SourceTitle "EXT 2016"]
[Source "ChessBase"]
[SourceDate "2015.10.08"]
[SourceVersion "1"]
[SourceVersionDate "2015.10.08"]
[SourceQuality "1"]
[WhiteTeam "Karcag"]
[BlackTeam "Ujszasz"]
[WhiteTeamCountry "HUN"]
[BlackTeamCountry "HUN"]

1. e4 e5 2. Nf3 Nc6 3. Nc3 d6 4. d4 Bg4 5. d5 Nd4 6. Be3 Nxf3+ 7. gxf3 Bd7 8. Qd2 g6 9. h4 h6 10. Bd3 Nf6 11. 0-0-0 Nh5 12. Ne2 c5 13. f4 b5 14. c4 bxc4 15. Bxc4 Nxf4 16. Nxf4 exf4 17. Bxf4 Qb6 18. e5 Bf5 19. Rde1 Bg7 20. exd6+ Kf8 21. Re7 Bf6 22. Bxh6+ Rxh6 23. Qxh6+ Kg8 24. Re2 Qb4 25. Bb3 c4 26. Rhe1 Bd7 27. Re4 Rc8 28. Kd1 Bxb2 29. Qf4 Qc3 30. Bc2 Qa5 31. Qd2 Bc3 32. Qg5 Bxe1 33. Rxe1 Qc3 34. Re7 Qa1+ 35. Ke2 Qb2 36. Kd1 Qd4+ 37. Ke2 Qb2 38. Rxd7 Qxc2+ 39. Kf3 Qd3+ 40. Kg2 Qe4+ 41. Kh2 Qf3 42. Qg2 Qh5 43. Qe4 g5 44. Rc7 Rf8 45. d7 g4 46. Kg3 f5 47. Qe6+ Kh8 48. Qe5+ Kg8 49. d8Q f4+ 50. Qxf4 Rxd8 51. Qf6 Qxd5 52. Qg7# 1-0

[Event "HUN-chT2 Toth 1314"]
[Site "Hungary"]
[Date "2013.11.03"]
[Round "4.3"]
[White "Takacs, Lajos"]
[Black "Kelly, Ladislau Endre"]
[Result "1/2-1/2"]
[WhiteElo "2196"]
[BlackElo "2232"]
[PlyCount "21"]
[EventDate "2013.09.08"]
[EventType "team-tourn"]
[EventRounds "11"]
[EventCountry "HUN"]
[SourceTitle "EXT 2016"]
[Source "ChessBase"]
[SourceDate "2015.10.08"]
[SourceVersion "1"]
[SourceVersionDate "2015.10.08"]
[SourceQuality "1"]
[WhiteTeam "Ujszasz"]
[BlackTeam "Gyula"]
[WhiteTeamCountry "HUN"]
[BlackTeamCountry "HUN"]

1. d4 f5 2. Nf3 Nf6 3. c3 g6 4. Bf4 Bg7 5. e3 0-0 6. Bd3 d5 7. Nbd2 e6 8. Ne5 Nbd7 9. Ndf3 Nxe5 10. Nxe5 Nd7 11. Nxd7 1/2-1/2